Principles of chemistry with practical perspectives

Bibliographic Details
Main Author: Drago, Russell S
Format: Section = Libro
Language:Undetermined
Spanish
Published: Boston Allyn and Bacon 1977
Subjects:
LEADER 00516nam a2200193Ia 4500
008 240830s9999 xx 000 0 und d
020 |a 0-205-05568-0 
040 |a CEDOC FIQ-RUSB / 540 D759 
041 |a spa 
082 |a 540 D759 
100 1 |a Drago, Russell S 
245 1 0 |a Principles of chemistry with practical perspectives 
260 |a Boston  |b Allyn and Bacon  |c 1977 
300 |a 848 p.: il. 
650 7 |a QUÍMICA GENERAL 
650 7 |b  HERRAMIENTAS DEL COMERCIO 
942 |c BK  |2 ddc 
991 |a TEXTO 
999 |c 13824